| 000 | 00464nam a2200181Ia 4500 | ||
|---|---|---|---|
| 001 | 16296 | ||
| 005 | 20260306170259.0 | ||
| 008 | 260306t2016||||xx |||||||||||||| ||und|| | ||
| 041 | _aESP | ||
| 082 |
_a347.6 _bV19 |
||
| 100 |
_aValdivieso López, Erika J. _eAUT |
||
| 245 | 0 | _aDerechos de los accionistas en el sistema concursal peruano | |
| 260 | _c2016 | ||
| 300 |
_a298 páginas : _c20 cm. |
||
| 650 | _aGEN | ||
| 654 | _aCDE | ||
| 942 |
_cLIB _dJUS _fJUS _2ddc _n |
||
| 999 |
_c16296 _d16296 |
||